Preparación evangélica
محفوظ في:
| المؤلف الرئيسي: | |
|---|---|
| التنسيق: | كتاب |
| اللغة: | الإسبانية |
| منشور في: |
Madrid
BAC
2011
|
| سلاسل: | Biblioteca de Autores Cristianos, 697
|
| الموضوعات: | |
| الوسوم: |
إضافة وسم
لا توجد وسوم, كن أول من يضع وسما على هذه التسجيلة!
|
MARC
| LEADER | 00000cam a2200000 a 4500 | ||
|---|---|---|---|
| 001 | UCF1444 | ||
| 003 | CL-VaPUC | ||
| 008 | 120706e20110000SP |||||||||||||||||spa|d | ||
| 020 | |a 9788422015222o.c | ||
| 020 | |a 9788422014980v.1 | ||
| 082 | 0 | 4 | |a 230 |b CES |2 21 |
| 100 | |a Eusebio de Cesarea |e author |9 547511 | ||
| 245 | 1 | 0 | |a Preparación evangélica |
| 300 | |a v | ||
| 942 | |c BK | ||
| 945 | |d 20120706 00:00:00 |a cmena | ||
| 260 | |a Madrid |b BAC |c 2011 | ||
| 500 | |a v.1: Libros I-VI | ||
| 650 | 0 | |a Teología cristiana |9 308336 | |
| 650 | 0 | |a Exégesis |9 365279 | |
| 650 | 0 | |a Cristianismo |9 257361 | |
| 650 | 0 | |a Historia de la iglesia |9 257565 | |
| 583 | |a last modification |c 20120706 10:37:00 |k Rodrigo Vera | ||
| 490 | 0 | |a Biblioteca de Autores Cristianos, 697 | |
| 999 | |c 348222 |d 348220 | ||
| 952 | |0 0 |1 0 |4 0 |6 230_000000000000000_CES_2011 |7 0 |8 A |9 450171 |a BIBTEO |b BIBTEO |d 2019-11-22 |h v.1 |i 4880773 |l 4 |m 4 |o 230 CES 2011 |p 4880773 |r 2025-01-17 |s 2023-09-05 |w 2019-11-22 |y BK |k ICR | ||